00603nam a2200169 a 4500001001000000003000400010005001700014008003900031040002500070082001500095110011300110245005300223260008000276300003100356490002400387830002200411000006696OSt20201218092519.0090902s1979 dr c 001 0 spa d aDO-SdBNPbspacBNPHU axxxbG767c1 aRepública DominicanabSecretaría de Estado de Agricultura, Centro de Desarrollo Agropecuario, Zona Norte10aGrasas comestibles :bun déficit solucionable. aSan Francisco de Macorís :bSecretaría de Estado de Agricultura,c1979. a128 p. :bretrs. ;c24 cm.1 aCenda expone ´79 ; aCenda expone ´79